|
|
|
|
| LEADER |
02090nam a2200457 i 4500 |
| 001 |
EBC4008501 |
| 003 |
MiAaPQ |
| 005 |
20200520144314.0 |
| 006 |
m o d | |
| 007 |
cr cnu|||||||| |
| 008 |
150714t19931993gw o 001 0 ger d |
| 020 |
|
|
|z 9783486559828
|
| 020 |
|
|
|a 9783486708400 (e-book)
|
| 035 |
|
|
|a (MiAaPQ)EBC4008501
|
| 035 |
|
|
|a (Au-PeEL)EBL4008501
|
| 035 |
|
|
|a (CaPaEBR)ebr11070795
|
| 035 |
|
|
|a (CaONFJC)MIL810965
|
| 035 |
|
|
|a (OCoLC)951970795
|
| 040 |
|
|
|a MiAaPQ
|b eng
|e rda
|e pn
|c MiAaPQ
|d MiAaPQ
|
| 050 |
|
4 |
|a JN3971.A98
|b .C629 1993
|
| 082 |
0 |
|
|a 324.2433082
|2 23
|
| 245 |
0 |
4 |
|a Die CSU 1945-1948.
|n Band 1, :
|b Protokolle 1945-1946.
|p Protokolle und materialien zur fruhgeschichte der Christlich-Sozialen Union /
|c herausgegeben im Auftrag des Instituts fur Zeitgeschichte von Barbara Fait und Alf Mintzel ; unter mitarbeit von Thomas Schlemmer.
|
| 264 |
|
1 |
|a Munich, Germany :
|b R. Oldenbourg Verlag,
|c 1993.
|
| 264 |
|
4 |
|c 1993
|
| 300 |
|
|
|a 1 online resource (2,099 pages).
|
| 336 |
|
|
|a text
|2 rdacontent
|
| 337 |
|
|
|a computer
|2 rdamedia
|
| 338 |
|
|
|a online resource
|2 rdacarrier
|
| 490 |
1 |
|
|a Texte und Materialien zur Zeitgeschichte ;
|v Band 4
|
| 500 |
|
|
|a Includes index.
|
| 588 |
|
|
|a Description based on online resource; title from PDF title page (ebrary, viewed July 13, 2015).
|
| 590 |
|
|
|a Electronic reproduction. Ann Arbor, MI : ProQuest, 2016. Available via World Wide Web. Access may be limited to ProQuest affiliated libraries.
|
| 610 |
2 |
0 |
|a Christlich-Soziale Union
|x History
|v Sources.
|
| 655 |
|
4 |
|a Electronic books.
|
| 700 |
1 |
|
|a Fait, Barbara,
|e editor.
|
| 700 |
1 |
|
|a Mintzel, Alf,
|e editor.
|
| 700 |
1 |
|
|a Schlemmer, Thomas,
|e contributor.
|
| 776 |
0 |
8 |
|i Print version:
|t CSU 1945-1948. Band 1.
|d Munich, Germany : R. Oldenbourg Verlag, c1993
|h civ, 1989 pages
|k Texte und Materialien zur Zeitgeschichte ; Band 4.
|z 9783486559828
|
| 797 |
2 |
|
|a ProQuest (Firm)
|
| 830 |
|
0 |
|a Texte und Materialien zur Zeitgeschichte ;
|v Band 4.
|
| 856 |
4 |
0 |
|u https://ebookcentral.proquest.com/lib/matrademy/detail.action?docID=4008501
|z Click to View
|